zpět

Detail výsledku týmu

SC Fidor, Opava

Datum a čas kvízu

30 Celkem bodů Celkový počet nahraných bodů na tomto kvízu bez doplňovacích otázek.
4. Pořadí na kvízu Konečné umístění týmu na tomto kvízu.

Zaznamenané odpovědi

# Otázka Odpověď Body Výsledky
1. Předvolební superdebatu v Česk... Matylda 1
2. Tisíce lidí se v neděli v podv... V Polsku. 1
3. Na výstavě EXPO v Dubaji byla... David, Michelangelo (Buonarotti) 1
4. Společnost Blue Origin Jeffa B... James T. Kirk 0
5. Jak se jmenuje tenistka, která... Karolína Plíšková 0
-14. Po Středočeském kraji nás v da... Španělský sál 0
-13. Nejnavštěvovanější událostí v... Signal Festival 0
-12. Místem, které rozhodně stojí z... Moja 0
-11. Kterou z následujících soch ne... D 0
-10. Seřaďte následující zahraniční... 1B 2C 3D 4A 0